Fortschritte der Verkehrspsychologie / 1
| Format: | Print Book |
|---|---|
| Language: | German |
| Published: |
1985
|
| In: |
Fortschritte der Verkehrspsychologie
Year: 1985 |
| Availability in Tübingen: | Present in Tübingen. IFK: N XIV 24 |
| Check availability: | HBZ Gateway |
| Subito Delivery Service: | Order now. |
| Keywords: |
MARC
| LEADER | 00000cam a2200000 cc4500 | ||
|---|---|---|---|
| 001 | 1080865454 | ||
| 003 | DE-627 | ||
| 005 | 20260331160350.0 | ||
| 007 | tu | ||
| 008 | 860429s1985 xx ||||| 00| ||ger c | ||
| 020 | |a 3885852713 |9 3-88585-271-3 | ||
| 035 | |a (DE-627)1080865454 | ||
| 035 | |a (DE-576)010865454 | ||
| 035 | |a (DE-599)BSZ010865454 | ||
| 040 | |a DE-627 |b ger |c DE-627 |e rakwb | ||
| 041 | |a ger | ||
| 084 | |a CW 7000 |2 rvk |0 (DE-625)rvk/19203: | ||
| 245 | 0 | 0 | |a Fortschritte der Verkehrspsychologie |n 1 |
| 264 | 1 | |c 1985 | |
| 336 | |a Text |b txt |2 rdacontent | ||
| 337 | |a ohne Hilfsmittel zu benutzen |b n |2 rdamedia | ||
| 338 | |a Band |b nc |2 rdacarrier | ||
| 490 | 1 | |a Mensch, Fahrzeug, Umwelt |v 15 | |
| 773 | 1 | 8 | |a Fortschritte der Verkehrspsychologie |w (DE-627)129572047 |w (DE-576)01506686X |w (DE-600)227370-6 |g 1 |q 1 |7 nnas |
| 830 | 0 | |a Mensch, Fahrzeug, Umwelt |v 15 |9 15 |w (DE-627)130167606 |w (DE-576)00662748X |w (DE-600)519693-0 |x 0344-967X |7 am | |
| 936 | r | v | |a CW 7000 |b Verkehrspsychologie |k Psychologie |k Angewandte Psychologie |k Andere Gebiete der angewandten Psychologie |k Verkehrspsychologie |0 (DE-627)1271070707 |0 (DE-625)rvk/19203: |0 (DE-576)201070707 |
| 951 | |a MV | ||
| ELC | |b 1 | ||
| LOK | |0 000 xxxxxcx a22 zn 4500 | ||
| LOK | |0 001 2082359239 | ||
| LOK | |0 003 DE-627 | ||
| LOK | |0 004 1080865454 | ||
| LOK | |0 005 20250303154646 | ||
| LOK | |0 008 930223||||||||||||||||ger||||||| | ||
| LOK | |0 040 |a DE-21-110 |c DE-627 |d DE-21-110 | ||
| LOK | |0 689 |a s |a Verkehrspsychologie | ||
| LOK | |0 689 |a s |a Verkehrserziehung | ||
| LOK | |0 689 |a s |a Wahrnehmung | ||
| LOK | |0 689 |a s |a Straßenverkehr | ||
| LOK | |0 689 |a s |a Verkehrsdelikte | ||
| LOK | |0 689 |a s |a Alkohol | ||
| LOK | |0 689 |a s |a Risikoverhalten | ||
| LOK | |0 689 |a s |a Fahreignungsdiagnostik | ||
| LOK | |0 689 |a s |a Konfliktsituationen | ||
| LOK | |0 852 |a DE-21-110 | ||
| LOK | |0 852 1 |c N XIV 24 |m p |9 00 | ||
| LOK | |0 935 |a k110 | ||
| LOK | |0 936ln |a 8.7.9 | ||
| LOK | |0 938 |k p | ||
| LOK | |0 939 |a 1993-02-23 |b l01 | ||
| ORI | |a WA-MARC-krimdoka001.raw | ||
| SIG | |a IFK: N XIV 24 | ||
